Mythologie : père de ? - Statistiques

Statistiques générales
  • Ce quiz a été pris 77 fois
  • Le résultat moyen est 22 sur 67
Statistiques - réponses
Hint Réponse % Correct
Épaphos, Minos, Apollon, Persée, etc Zeus
95%
Polyphème, Arion, Rhodé, Cymopolée, etc Poséidon
87%
Zeus, Hestia, Chiron, Poséidon, etc Cronos
85%
Macaria, Zagreus Hadès
76%
Asclépios, Aristée, Idmon, Linos, etc Apollon
74%
Télémaque, Télégos, etc Ulysse
74%
Cronos, Argès, Théia, Cottos, etc Ouranos
71%
Antéros, Phobos, Enyalios, Harmonie, etc Arès
63%
Icare Dédale
60%
Phèdre, Androgée, Glaucos, Ariane, etc Minos
60%
Érichthonios, Cabires, Eukléia, Euthénia, etc Héphaïstos
58%
Pan, Priape, Autolycos, Céphalée, etc Hermès
58%
Ismène, Antigone, Polynice, Étéocle Oedipe
58%
Iphigénie, Oreste, Électret, Chrysothémis Agamemnon
56%
Hector, Déiphobe, Hélénos, Laocoon, etc Priam
55%
Astyanax Hector
53%
Érèbe, Tartare, Nyx, Gaïa Chaos
50%
Hippolyte, Démophon, Acamas Thésée
50%
Thésée, Médos Égée
48%
Phaéton, Pasiphaé, Circé, Aétès, etc Hélios
48%
Anicétos, Hyllos, Alexiarès, Chalkoarai, etc Héraclès
47%
Sisyphe, Athamas, Calycé, Créthée, etc Éole
45%
Néoptolème, Euphorion Achille
44%
Sthénélos, Gorgophoné, Mestor, Alcée Persée
44%
Perséis, Métis, Philyra, Pronoia, etc Océan
42%
Calypso, Hespérie, Églé, Taygète Atlas
40%
Œdipe Laïos
39%
Cerbère, Ladon, Chimère, Orthos, etc Typhon
35%
Iaso, Panacée, Machaon, Hygie, etc Asclépios
32%
Prométhée, Atlas, Épiméthée, Ménétios Japet
31%
Typhon, Campé Tartare
31%
Séléné, Éos, Hélios Hypérion
29%
Morphée, Icélos, Phantasos Hypnos
29%
Achille Pélée
29%
Calaïs, Zétès, Chioné, Cléopâtre, etc Borée
26%
Éther, Héméra, Charon Érèbe
26%
Ménélas, Agamemnon Atrée
24%
Méléagre, Tydée, Déjanire Œnée
24%
Ulysse Laërte
21%
Amphitrite, Thétis, Galatée, Psamathée, etc Nérée
21%
Pallas, Persès, Astréos Crios
19%
Danaïdes Danaos
19%
Astéria, Léto Coéos
18%
Céto, Phorcys, Eurybie, Nérée, etc Pontos
18%
Thalassa Éther
16%
Castor, Clytemnestre Tyndare
16%
Énée Anchise
15%
Atrée, Thyeste, Pitthée, etc Pélops
15%
Pélops, Niobé Tantale
15%
Agavé, Autonoé, Sémélé, Polydore, etc Cadmos
13%
Bia, Kratos, Zélos, Niké Pallas
11%
Ménécée, Mégara, Hémon Créon
10%
Hécate Persès
10%
Méduse, Dino, Thoôsa, Échidna, etc Phorcys
10%
Chalciope, Médée, Absyrte Éétès
8%
50 fils époux des Danaïdes Égyptos
8%
Pirithoos, Centauros, Abas, Tisidia, etc Ixion
8%
Iris, Arcé, Podarge, Ocypète, etc Thaumas
8%
Europe, Cadmos, Phénix, Cilix Agénor
6%
Borée, Zéphyr, Euros, Apéliote, etc Astréos
6%
Andromède Céphée
6%
Jason Éson
6%
Phrixos, Hellé, Léarque, Mélicerte, etc Athamas
3%
Hellen, Protogénie, Thyia, Amphictyon Deucalion
3%
Laïos Labdacos
3%
Éosphoros, Hespéros Céphale
2%
Ploûtos, Philomélos Iasion
2%
Aucun quiz correspondant
Distribution des résultats
% des personnes avec chaque résultat
Percentile par nombre de réponses
Votre historique - résultats
Vous n’avez pas pris ce quiz